Missing Word: Scientific Experiment Movies (A-Z) Quiz Stats

 Plays Quiz Updated Nov 22, 2017

Challenge
Share
Tweet
Embed
Score 0/26 Timer 04:00
0 Plays Today
Movie Title Missing Word % Correct
Back to the _____ (1985)Future
97.9%
Dr. Jekyll and Mr. _____ (1931)Hyde
97.9%
_____ Blue Sea (1999)Deep
97.3%
A Clockwork _____ (1971)Orange
96.8%
Honey, I _____ the Kids (1989)Shrunk
96.1%
A.I. _____ Intelligence (2001)Artificial
95.5%
The _____ Professor (1996)Nutty
94.7%
_____ America: The First Avenger (2011)Captain
94.2%
The Man with Nine _____ (1940)Lives
91.9%
_____ Frankenstein (1974)Young
91.1%
_____ Park (1993) Jurassic
87.6%
_____ Science (1985)Weird
84%
X: The Man with the _____ Eyes (1963)X-ray
79.3%
Movie Title Missing Word % Correct
Swamp _____ (1998)Thing
78.8%
The _____ Man (1933) Invisible
77.6%
_____ Machina (2015)Ex
77.3%
The Island of Dr. _____ (1977)Moreau
70.9%
The _____ Earth (1985)Quiet
65%
Fantastic _____ (1966)Voyage
59.7%
The Boys from _____ (1978)Brazil
59.5%
_____ of the Planet of the Apes (2011)Rise
59.1%
_____ Soldier (1992)Universal
53.3%
The _____ Room (2009)Killing
44%
The _____ Experiment (1984)Philadelphia
30.2%
The _____ of Frankenstein (1942)Ghost
26.3%
The Astro- _____ (1968)Zombies
10.9%

Today's Daily Dose

You're not logged in!

Compare scores with friends on all Sporcle quizzes.
OR
Log In

You Might Also Like...

Show Comments

Extras

Top Quizzes Today


Score Distribution

Your Account Isn't Verified!

In order to create a playlist on Sporcle, you need to verify the email address you used during registration. Go to your Sporcle Settings to finish the process.

Report this User

Report this user for behavior that violates our Community Guidelines.

Details: